Catálogo
 En Linea

Environment and Americans : (Registro nro. 18515)

Detalles MARC
000 -CABECERA
campo de control de longitud fija 00626cam a22001931 4500
001 - NÚMERO DE CONTROL
campo de control 000018997
005 - FECHA Y HORA DE LA ÚLTIMA TRANSACCIÓN
campo de control 20200929165911.0
008 - DATOS DE LONGITUD FIJA--INFORMACIÓN GENERAL
campo de control de longitud fija 770317s1972 xxu 000 0 eng
020 ## - NÚMERO INTERNACIONAL ESTÁNDAR DEL LIBRO
Número Internacional Estándar del Libro 003085614
040 ## - FUENTE DE LA CATALOGACIÓN
Centro catalogador/agencia de origen DO-SdBNP
Lengua de catalogación spa
Centro/agencia transcriptor BNPHU
100 1# - ENTRADA PRINCIPAL--NOMBRE DE PERSONA
Nombre de persona Nash, Roderick,
9 (RLIN) 40875
245 10 - MENCIÓN DE TÍTULO
Título Environment and Americans :
Resto del título the problem of priorities /
Mención de responsabilidad, etc. Roderick Nash.
260 ## - PUBLICACIÓN, DISTRIBUCIÓN, ETC.
Lugar de publicación, distribución, etc. New York, :
Nombre del editor, distribuidor, etc. Holt, Rinehart and Winston,
Fecha de publicación, distribución, etc. [197-?].
300 ## - DESCRIPCIÓN FÍSICA
Extensión 119 p. ;
Dimensiones 24 cm.
490 0# - MENCIÓN DE SERIE
Mención de serie American problem studies
500 ## - NOTA GENERAL
Nota general Textos en inglés
500 ## - NOTA GENERAL
Nota general Incluye notas al pie de las páginas
830 #0 - PUNTO DE ACCESO ADICIONAL DE SERIE-TÍTULO UNIFORME
Título uniforme American problem studies
9 (RLIN) 40876
Existencias
Estado de retiro Estado de pérdida Restricciones de uso No para préstamo Código de colección Localización permanente Ubicación/localización actual Ubicación en estantería Fecha de adquisición Número de inventario Total de préstamos Signatura topográfica completa Código de barras Fecha visto por última vez Precio válido a partir de Tipo de ítem Koha
      Excluido de préstamo Monografías: Libros y Folletos General General En catalogación 21.05.2010 LF1   18997-10 25.06.2020 25.06.2020 No se presta

Con tecnología Koha